Monseñor José María Caro: apóstol de Tarapacá
Saved in:
| Hovedforfatter: | |
|---|---|
| Format: | Bog |
| Sprog: | spansk |
| Udgivet: |
Santiago
Del Pacífico
1963
|
| Fag: | |
| Tags: |
Tilføj Tag
Ingen Tags, Vær først til at tagge denne postø!
|
MARC
| LEADER | 00000nam a2200000 a 4500 | ||
|---|---|---|---|
| 001 | UCL4258 | ||
| 003 | CL-VaPUC | ||
| 008 | 040109e19630000CL |||||||||||||||||spa|d | ||
| 082 | 0 | 4 | |a 282.092 |b VAN |2 21 |
| 100 | 0 | |a Vanherk Moris, Juan |e author |9 481746 | |
| 245 | 1 | 0 | |a Monseñor José María Caro: apóstol de Tarapacá |
| 300 | |a 409 p | ||
| 942 | |c BK | ||
| 945 | |d 20040109 00:00:00 |a vberengu | ||
| 260 | |a Santiago |b Del Pacífico |c 1963 | ||
| 600 | 0 | 7 | |a CARO RODRIGUEZ, JOSE MARIA |2 CL-VaPUC |9 257421 |
| 650 | 7 | |a IGLESIA CATOLICA - CARDENALES |2 CL-VaPUC |9 464605 | |
| 650 | 7 | |a BIOGRAFIAS - CARDENALES |2 CL-VaPUC |9 464606 | |
| 651 | 7 | |a CHILE |2 CL-VaPUC |9 481747 | |
| 583 | |a last modification |c 20040109 00:00:00 |k Rodrigo Vera | ||
| 999 | |c 307139 |d 307137 | ||
| 952 | |0 0 |1 0 |4 0 |6 282_092000000000000_VAN_1963 |7 0 |8 A |9 372753 |a BIBTEO |b BIBTEO |d 2019-11-21 |i 2100657 |o 282.092 VAN 1963 |p 2100657 |r 2024-01-18 |w 2019-11-21 |y BK |k ICR | ||
| 952 | |0 0 |1 0 |4 0 |6 282_092000000000000_VAN_1963 |7 0 |8 A |9 372754 |a BIBTEO |b BIBTEO |d 2019-11-21 |i 2100665 |o 282.092 VAN 1963 |p 2100665 |r 2024-01-18 |w 2019-11-21 |y BK |k ICR | ||